000
00211 a2200097 4500
001
13643
100
_a
Donaldson F
245
_a
Edward (Vol-III)
260
_a
New York
_b
T B Lippincott
_c
090
_c
10637
_d
10637
942
_a
NUST-CAE
_c
M
_c
711
999
_c
248716
_d
248716